书目信息 |
| 题名: |
红外探测器
|
|
| 作者: | 威拉德森 , 比尔 著 ;《激光与红外》编辑组 译 | |
| 分册: | ||
| 出版信息: | 北京 国防工业出版社 1973 |
|
| 页数: | 516页 | |
| 开本: | 20cm | |
| 丛书名: | ||
| 单 册: | ||
| 中图分类: | TN215 | |
| 科图分类: | ||
| 主题词: | 红外探测器--高等教育--教材 | |
| 电子资源: | ||
| ISBN: | ||
| 000 | 00933nam0 2200277 45 | |
| 001 | 0193044981 | |
| 005 | 20060726110239.78 | |
| 010 | @dCNY1.60 | |
| 091 | @a15034.1309 | |
| 100 | @a19930925d1973 em y0chiy0121 ea | |
| 101 | 0 | @achi@ceng |
| 102 | @aCN@b110000 | |
| 102 | @aCN@b110000 | |
| 105 | @ay j 000yy | |
| 200 | 10 | @a红外探测器@AHONG WAI TAN CE QI@F(mei)R.K.wei la de sen,A.C.bi er zhu@f(美)R.K.威拉德森,A.C.比尔著@g《激光与红外》编辑组译@G《ji guang yu hong wai》bian ji zu yi |
| 210 | @a北京@c国防工业出版社@d1973 | |
| 215 | @a516页@d20cm | |
| 300 | @a普通高等教育兵工类规划教材 红外技术系列教材 Ⅱ | |
| 540 | 1 | @a红外 探测@AHONG WAI TAN CE |
| 606 | @a红外探测器@x高等教育@x教材 | |
| 690 | @aTN215@v三版 | |
| 701 | 0 | @a威拉德森@Awei la de sen@4著 |
| 701 | 0 | @a比尔@Abi er@4著 |
| 712 | 0 | @a《激光与红外》编辑组@A《ji guang yu hong wai》bian ji zu@4译 |
| 801 | 0 | @aCN@bTSSF@c20060726 |
| 905 | @dTN215@e14 | |
| 红外探测器/(美)R.K.威拉德森,A.C.比尔著/《激光与红外》编辑组译.-北京:国防工业出版社,1973 |
| 516页;20cm |
| 普通高等教育兵工类规划教材 红外技术系列教材 Ⅱ |
| ISBN :CNY1.60 |
| ● |
| 相关链接 |
|
|
|
|
正题名:红外探测器
索取号:TN215/14
 
预约/预借
| 序号 | 登录号 | 条形码 | 馆藏地/架位号 | 状态 | 备注 |
| 1 | 0438606 | 204386066 | 密集书库/ [索取号:TN215/14] | 在馆 | |
| 2 | 0438607 | 204386075 | 密集书库/ [索取号:TN215/14] | 在馆 |